Organisational Behaviour (Record no. 226515)

MARC details
000 -LEADER
fixed length control field 00716nam a22002297a 4500
005 - DATE AND TIME OF LATEST TRANSACTION
control field 20230201124811.0
008 - FIXED-LENGTH DATA ELEMENTS--GENERAL INFORMATION
fixed length control field 230201b ||||| |||| 00| 0 eng d
040 ## - CATALOGING SOURCE
Transcribing agency AL
041 ## - LANGUAGE CODE
Language code of text/sound track or separate title eng
082 ## - DEWEY DECIMAL CLASSIFICATION NUMBER
Edition number 23
Classification number 658.4
Item number ALLO
100 ## - MAIN ENTRY--PERSONAL NAME
Personal name All India Institute of Management Studies
100 ## - MAIN ENTRY--PERSONAL NAME
9 (RLIN) 70439
245 ## - TITLE STATEMENT
Title Organisational Behaviour
260 ## - PUBLICATION, DISTRIBUTION, ETC.
Place of publication, distribution, etc. Chennai
Name of publisher, distributor, etc. All India Institute of Management Studies
Date of publication, distribution, etc. ?
300 ## - PHYSICAL DESCRIPTION
Extent 156p.
Other physical details PB
Dimensions 23x17cm.
365 ## - TRADE PRICE
Source of price type code Management
650 ## - SUBJECT ADDED ENTRY--TOPICAL TERM
Topical term or geographic name entry element Organisation and Its Psychology
9 (RLIN) 70440
650 ## - SUBJECT ADDED ENTRY--TOPICAL TERM
Topical term or geographic name entry element Leadership
9 (RLIN) 70441
650 ## - SUBJECT ADDED ENTRY--TOPICAL TERM
Topical term or geographic name entry element Communication
9 (RLIN) 70442
650 ## - SUBJECT ADDED ENTRY--TOPICAL TERM
Topical term or geographic name entry element Organisational Effectiveness
9 (RLIN) 70443
700 ## - ADDED ENTRY--PERSONAL NAME
Personal name ALL INDIA INSTITUTE OF MANAGEMENT STUDIES
9 (RLIN) 70444
942 ## - ADDED ENTRY ELEMENTS (KOHA)
Source of classification or shelving scheme Dewey Decimal Classification
Koha item type Donated Books
Holdings
Withdrawn status Lost status Source of classification or shelving scheme Damaged status Not for loan Collection code Home library Current library Date acquired Total Checkouts Full call number Barcode Date last seen Price effective from Koha item type
    Dewey Decimal Classification     Management St Aloysius Library St Aloysius Library 05/24/2013   658.4 ALLO D05085 02/01/2023 02/01/2023 Donated Books